| 000 | 00521nam a2200157 i 4500 | ||
|---|---|---|---|
| 001 | 36072 | ||
| 003 | ES-MaACL | ||
| 007 | t| | ||
| 008 | 030217s1945 xxk ||||1| eng d | ||
| 100 | 1 |
_aBrailsford, James F. _931297 |
|
| 245 | 1 | 4 |
_aThe radiology of bones and joints / _cby James F. Brailsford. |
| 250 | _a3rd ed., reprinted with minor additions. | ||
| 260 |
_aLondon : _bJ. et A. Churchil, _c1945 ( _fThe Whitefriars Press) |
||
| 300 |
_aXIII, 440 p., 56 lám. : _bil. ; _c25 cm. |
||
| 852 |
_aES-MaACL _jE-1912 _bR.22743 |
||
| 999 |
_c36072 _d36072 |
||